Complete the Titles of Songs by The Bee Gees - Statistics

General Stats
  • This quiz has been taken 138 times
  • The average score is 12 of 15
Answer Stats
Answer % Correct
How Deep Is Your {Love}
98%
Stayin’ {Alive}
96%
How Can You Mend A Broken {Heart}
94%
More Than A {Woman}
90%
Night {Fever}
90%
Jive {Talkin’}
86%
You Should Be {Dancing}
86%
I’ve Gotta Get A Message To {You}
84%
For Whom The Bell {Tolls}
76%
I Started A {Joke}
76%
Love You Inside {Out}
66%
Too Much {Heaven}
66%
You Win {Again}
66%
This Is Where I Came {In}
50%
Love So {Right}
35%
No matching quizzes found
Score Distribution
Percent of People with Each Score
Percentile by Number Answered
Your Score History
You have not taken this quiz